Life, times and achievements of Banda Singh Bahadur / (Record no. 80781)

MARC details
000 -LEADER
fixed length control field 00602nam a22001937a 4500
005 - DATE AND TIME OF LATEST TRANSACTION
control field 20140306144234.0
010 ## - LCCN (DPL NO)
LC control number ENG-108657
020 ## - INTERNATIONAL STANDARD BOOK NUMBER
International Standard Book Number 81876542120
Terms of availability 375.00
035 ## - SYSTEM CONTROL NUMBER
System control number EN-92190
037 ## - SOURCE OF ACQUISITION
Source of stock number/acquisition DBAD/PUB
082 ## - DEWEY DECIMAL CLASSIFICATION NUMBER
Classification number 920
245 ## - TITLE STATEMENT
Title Life, times and achievements of Banda Singh Bahadur /
Statement of responsibility, etc edited by Harbans Kaur Sagoo
260 ## - PUBLICATION, DISTRIBUTION, ETC. (IMPRINT)
Place of publication, distribution, etc Delhi
Name of publisher, distributor, etc Manpreet Prakashan
Date of publication, distribution, etc 2012
270 ## - ADDRESS
Address 16/16, Ist Floor, Geeta Colony
City Delhi
Postal code 110031
300 ## - PHYSICAL DESCRIPTION
Extent 206p.
Dimensions 22cm(Hb)
500 ## - GENERAL NOTE
General note Includes bibliographical references
700 ## - ADDED ENTRY--PERSONAL NAME
Personal name Sagoo, Harbans Kaur
942 ## - ADDED ENTRY ELEMENTS (KOHA)
Source of classification or shelving scheme Dewey Decimal Classification
Item type English Books
Call number suffix BAN
Classification part 920
Holdings
Withdrawn status Lost status Not for loan Collection code Home library Current library Date acquired Source of acquisition Cost, normal purchase price Full call number Barcode Copy number Cost, replacement price Koha item type
    Not For Loan Non-fiction D.B.Act.Division D.B.Act.Division 19/11/2013 DBAD/PUB 375.00 920 BAN EN-92190 1 375.00 English Books

© Delhi Public Library
Hit Counter
free hit counter